Vocab divers Espagnol 1 - Statistiques

Statistiques générales
  • Ce quiz a été pris 41 fois
  • Le résultat moyen est 20 sur 57
Statistiques - réponses
Mot Español % Correct
la ville la ciudad
92%
lire leer
89%
un peu un poco
83%
français francés
81%
faire hacer
78%
travailler trabajar
78%
Maintenant ahora
75%
écouter de la musique escuchar
69%
le problème el problema
67%
le travail el trabajo
67%
la rue la calle
64%
le lait la leche
64%
sortir salir
61%
le café el café
58%
la couleur el color
53%
Noël la navidad
53%
le bus el autobús
50%
avoir des idées tener ideas
50%
pour terminer para terminar
47%
faire du sport hacer deporte
44%
diner cenar
42%
donc entonces
42%
améliorer mejorar
42%
avoir faim tener hambre
36%
le cadeau el regalo
33%
se lever levantarse
33%
les céréales los cereales
31%
très peu muy poco
31%
ça dépend depende
28%
déjeuner desayunar
28%
les élèves las alumnos
28%
les devoirs los deberes
28%
le petit déjeuner el desayuno
25%
scolaire escolar
25%
ensuite despues/luego
22%
la blague la broma
22%
s'habiller vestir
22%
le plat préféré el plato favorito
19%
reveiller des pertarse
17%
se promener pasear
14%
prende tomar/cojer
14%
le calendrier el calendario
11%
sandwich el bocadillo
8%
le gouter la merienda
8%
le déguisement el disfraz
6%
la récréation el recreo
6%
temps libre el tiempo libre
6%
animal de compagnie la mascota
6%
gouter merendar
3%
au bord de la mer a orillas del mar
0%
appeler deletrear
0%
emploi du temps el horario
0%
la récompense el premio
0%
le tirage el sorteo
0%
toujours en retard ir con retarso
0%
mourir murió
0%
tenter tenter
0%
Aucun quiz correspondant
Distribution des résultats
% des personnes avec chaque résultat
Percentile par nombre de réponses
Votre historique - résultats
Vous n’avez pas pris ce quiz